000 00607nam a2200193Ia 4500
005 20250923145123.0
008 008 250917s9999 xx 000 0 eng d
037 _aReference
040 _aDSWL
_beng
_cDSWL
041 _aeng
_2eng
084 _aYX,Z1P4,N66, N67
_qDSWL
245 0 _aChildren and youth in national planning and development in Asia Vol-II problems of Children & youths
_cby United Nations
260 _bChildrens Fund
_c1967
300 _a346 p.
365 _aINR
_b3.20
925 _g3.20
942 _cREF
_hYX,Z1P4,N66, N67
999 _c1447390
_d1447390